000 00397nam a2200145Ia 4500
008 220217s9999||||xx |||||||||||||| ||und||
020 _a978-81-317-1881-0
082 _a005.13 DEI
100 _aDeitel, H.M Deitel, P.J
_91240
245 0 _aJava how to program
250 _a7th
260 _aPearson educationof asia
_bNew Jersey
_c2008
300 _b680
650 _aPROGRAMMING LANGUAGE
999 _c176536
_d176536